| 000 | 01154nam a2200289 i 4500 | ||
|---|---|---|---|
| 001 | 106607 | ||
| 003 | ES-MaACL | ||
| 005 | 20230906184221.0 | ||
| 007 | t| | ||
| 008 | 061205s1968 gw |||| | lat d | ||
| 080 | _a17.036.2 | ||
| 245 | 0 | 0 |
_aStoicorum veterum fragmenta / _ccollegit Ioannes ab Arnim. |
| 250 | _aEditio stereotypa editionis primae (MCMV). | ||
| 260 |
_aStutgardiae : _bIn Aedibus B.G. Tevbneri, _c1968. |
||
| 300 |
_a4 v. ; _c24 cm. |
||
| 490 | 1 | _aSammlung wissenschaftlicher Commentare | |
| 505 | 8 | _av. 1. Zeno et Zenonis discipuli.--v. 2. Chrysippi fragmenta logica et physica.--v. 3. Chrysippi fragmenta moralia. Fragmenta successorum Chrysippi.--v. 4. Quo indices continentur. Conscripsit Maximilianus Adler | |
| 546 | _aTexto en latín y griego. | ||
| 650 | 1 | 4 |
_aEstoicos. _912556 |
| 700 | 1 |
_aArnim, Hans Friedrich August von. _923097 |
|
| 700 | 1 |
_aZenón de Citio. _9118185 |
|
| 700 | 1 |
_aCrisipo. _941620 |
|
| 700 | 1 |
_aAdler, Maximilian. _918451 |
|
| 830 | 0 |
_aSammlung wissenschaftlicher Commentare _9232849 |
|
| 852 |
_aES-MaACL _jE-11415-18 _z. - Biblioteca Jacinto Martínez Lacalle |
||
| 999 |
_c106607 _d106607 |
||